00313nam a2200121Ia 4500008004100000041000800041082001600049100001700065245004500082260004200127300001300169365000900182240624s9999 xx 000 0 und d aeng a658.827 KIN aLANNON JUDIE aMASTER CLASS IN BRAND PLANNING THE TIMEL c2008aChichesterbJohn Wiley and Sons a396 : p. cb30